LEADER 02235nas a2200469 u 4500 001 000000008038 003 CaOOAMICUS 005 20070226105042.0 008 941103c19139999it fxzp u0 u ita u 022 $a0004-6574 035 $a10208071 040 $aMnMULS$bita$cMnMULS$dNIC$dCtY$dm.c.$dDLC$dAIP$dDLC$dm/c$dMH$dNST$dInU 041 0 $aeng$aita 042 $alc 082 0 $a480/.05$219 130 0 $aAthenaeum (Pavia, Italy)$aAthenaeum$g[Spogli].$0(OLS)http://pul/title/11722 210 0 $aAthenaeum 222 0$aAthenaeum 245 10$aAthenaeum. 260 $aPavia :$bAmministrazione di Athenaeum, Università,$c1913- 300 $av. ;$c24 cm 310 $a2 no. a year,$b<1991-> 321 $aFour no. a year 362 1 $aThe 1st series began in 1913 and ceased in 1922 with v. 10; the new ser. began in 1923. 500 $a"Studi periodici di letteratura e storia dell'antichità." 500 $aDescription based on: Nuova ser., v. 59, fasc. 1-2, published in 1981. 510 2 $aMLA international bibliography of books and articles on the modern languages and literatures (Complete edition)$x0024-8215 515 $aNuov. ser. v. 1-67, called also anno 1-77.; new ser. designation discontinued in 1989 with v. 67; issues for 1990- called v. 78- 546 $aEnglish and Italian. 650 0$aClassical philology$xPeriodicals.$2//eng$0(OLS)http://pul/subject/4289 651 0$aGreece$xHistory$xPeriodicals.$yTo 146 B.C.$2//eng$0(OLS)http://pul/subject/6985 651 0$aRome$xHistory$xPeriodicals.$2//eng$0(OLS)http://pul/subject/6986 710 2 $aUniversità degli studi di Pavia.$0(OLS)http://pul/name/8015 850 $aPUL 852 $aPUL$W1$xDP1 Riviste Correnti$y15$m2-13/DP1066.C$j11384$nSE-PRI$bv.14 (1936)-$qPeriodici$B11384$CPULBib$Z2$F11384 $82 941 1 $a5 996 $6022$a0004-6574$9(OLS)http://pul/number/10346 996 $6082$a480/.05$219$9(OLS)http://pul/classification/207 996 $6210$aAthenaeum$9(OLS)http://pul/title/11723 996 $6222$aAthenaeum$9(OLS)http://pul/title/11723 996 $6245$aAthenaeum$9(OLS)http://pul/title/11723 996 $6260$aPavia :$bAmministrazione di Athenaeum, Università$9(OLS)http://pul/publisher/51941 LEADER 00896naa a2200217 u 4500 001 000000096497 003 CaOOAMICUS 005 20070226130146.0 008 041020s1994 it u000 u ita u 020 $a8802047979 035 $a11012260 040 $aIAR$bita 100 1 $aGronda, Giovanna.$0(OLS)http://pul/name/61492 245 10$aDiaspora italiana e cosmopolitismo settecentesco /$cGiovanna Gronda. 260 $aTorino :$bUTET,$c1994. 300 $aS. 141-172 ;$c29 cm 773 0 $aL'Italia e la formazione della civiltà europea : Letteratura e vita intellettuale. 773 0 $tL'Italia e la formazione della civiltà europea. 2, Letteratura e vita intellettuale$w()19289 996 $6020$a8802047979$9(OLS)http://pul/number/24683 996 $6245$aDiaspora italiana e cosmopolitismo settecentesco$9(OLS)http://pul/title/123374 996 $6260$aTorino :$bUTET$9(OLS)http://pul/publisher/48088